000 00386nam a22001697a 4500
003 MPLRDC
005 20220104114644.0
008 210129b ||||| |||| 00| 0 eng d
082 _a748.285 QX
100 _a齐辛
245 _a苏联近事
_c
250 _a初版
260 _a
_b集思图书公司
_c1970
300 _b
650 _a俄国断代史
942 _cBK
_o748.285 QX
999 _c9186
_d9176